书目信息 |
| 题名: |
论语
|
|
| 作者: | 孔丘 编著 | |
| 分册: | ||
| 出版信息: | 2001.04 |
|
| 页数: | 312页 | |
| 开本: | 20cm | |
| 丛书名: | ||
| 单 册: | ||
| 中图分类: | B222.3 | |
| 科图分类: | ||
| 主题词: | 先秦哲学 | |
| 电子资源: | ||
| ISBN: | 7-80123-360-3 | |
| 000 | 00529nam0 2200193 450 | |
| 001 | 2662471640 | |
| 005 | 20260407172351.53 | |
| 010 | @a7-80123-360-3@dCNY19.80 | |
| 100 | @a20260407d2001 km y0chiy0120 ea | |
| 101 | 0 | @achi |
| 200 | 1 | @a论语@ALun Yu@e图文本@f孔丘编著@FKong Qiu Bian Zhu |
| 210 | @d2001.04 | |
| 215 | @a312页@d20cm | |
| 517 | 1 | @a图文本@ATu Wen Ben |
| 606 | 0 | @a先秦哲学 |
| 690 | @aB222.3@v4 | |
| 701 | 0 | @a孔丘@AKong Qiu@4编著 |
| 801 | 0 | @aCN@b大连网信软件有限公司图书馆·11@c20260407 |
| 905 | @aZUCC@dB222.3@e1173 | |
| 论语:图文本/孔丘编著.-2001.04 |
| 312页;20cm |
| ISBN 7-80123-360-3:CNY19.80 |
| ● |
| 相关链接 |
|
|
|
|
正题名:论语
索取号:B222.3/1173
 
预约/预借
| 序号 | 登录号 | 条形码 | 馆藏地/架位号 | 状态 | 备注 |
| 1 | 1442539 | 214425399 | 第一样本阅览室/ [索取号:B222.3/1173] | 在馆 |